| 000 | 00777cab a2200277 4500 | ||
|---|---|---|---|
| 001 | ABS60667 | ||
| 008 | 090401t1999 xxu||||| |||| 00| 0 eng d | ||
| 035 | _a(Sirsi) u93601 | ||
| 041 | _aeng | ||
| 245 | _aP&O Property Holdings Ltd v International Computers Ltd | ||
| 260 | _c1999 | ||
| 350 | _a0 | ||
| 490 |
_aEstates Gazette Law Reports _v[1999] 18 EG 158-162(5) |
||
| 650 | _aBOMB DAMAGE | ||
| 650 | _aCOMMERCIAL LEASES | ||
| 650 | _aINSURANCE PREMIUM | ||
| 650 | _aINSURED RISK | ||
| 650 | _aMANCHESTER | ||
| 650 | _aP&O PROPERTY HOLDINGS LTD V INTERNATIONAL COMPUTERS LTD | ||
| 650 | _aRENT SUSPENSION CLAUSE | ||
| 650 | _aRENT SUSPENSION | ||
| 650 | _aSERVICE CHARGES | ||
| 690 | _aLANDLORD AND TENANT-CASE LAW | ||
| 942 | _n0 | ||
| 948 | _c27/05/1999 | ||
| 999 |
_c59319 _d59319 |
||